Desniveles entre presupuestos iniciales y presupuestos realizados
Na minha lista:
| Autor principal: | |
|---|---|
| Formato: | Livro |
| Idioma: | espanhol |
| Publicado em: |
Santiago
Jurídica de Chile
1957
Santiago Universidad de Chile 1957 |
| Colecção: | De Seminarios e Institutos, 7
|
| Assuntos: | |
| Tags: |
Adicionar Tag
Sem tags, seja o primeiro a adicionar uma tag!
|
MARC
| LEADER | 00000nam a2200000 a 4500 | ||
|---|---|---|---|
| 001 | UCS0393 | ||
| 003 | CL-VaPUC | ||
| 008 | 970426e19570000CL |||||||||||||||||spa|d | ||
| 082 | 0 | 4 | |a 343.034 |b MAT |2 21 |
| 100 | |a Matus Benavente, Manuel |e autor |9 383924 | ||
| 245 | 1 | 0 | |a Desniveles entre presupuestos iniciales y presupuestos realizados |
| 300 | |a 25 p | ||
| 942 | |c BK | ||
| 945 | |d 19970426 00:00:00 |a cmena | ||
| 260 | |a Santiago |b Jurídica de Chile |c 1957 | ||
| 260 | |a Santiago |b Universidad de Chile |c 1957 | ||
| 650 | 0 | |a Administración financiera |9 261146 | |
| 650 | 0 | |a Finanzas públicas |9 358992 | |
| 650 | 0 | |a Hacienda pública |9 258673 | |
| 650 | 7 | |a PRESUPUESTO FISCAL |2 CL-VaPUC |9 383793 | |
| 651 | 7 | |a CHILE |2 CL-VaPUC |9 383794 | |
| 583 | |a last modification |c 20170426 05:04:04 |k Rodrigo Vera | ||
| 490 | 0 | |a De Seminarios e Institutos, 7 | |
| 999 | |c 258623 |d 258621 | ||
| 952 | |0 0 |1 0 |2 ddc |4 0 |6 343_034000000000000_MAT_1957_1957 |7 0 |8 A |9 282870 |a BIBDER |b BIBDER |d 2019-11-19 |i 1835181 |o 343.034 MAT 1957 1957 |p 1835181 |r 2023-01-25 |w 2019-11-19 |y MX |k DER | ||